Coos bay harbor, Oreg. (Record no. 91340)
[ view plain ]
| 000 -LEADER | |
|---|---|
| fixed length control field | 00658cam a2200169u 4500 |
| 001 - CONTROL NUMBER | |
| control field | unk81049283 |
| 003 - CONTROL NUMBER IDENTIFIER | |
| control field | DLC |
| 005 - DATE AND TIME OF LATEST TRANSACTION | |
| control field | 20260227112758.0 |
| 008 - FIXED-LENGTH DATA ELEMENTS--GENERAL INFORMATION | |
| fixed length control field | 820115s1921 xx 000 0 eng |
| 010 ## - LIBRARY OF CONGRESS CONTROL NUMBER | |
| LC control number | unk81049283 |
| 040 ## - CATALOGING SOURCE | |
| Original cataloging agency | DLC |
| Transcribing agency | CarP |
| Modifying agency | DLC |
| 050 00 - LIBRARY OF CONGRESS CALL NUMBER | |
| Classification number | KF27 |
| Item number | .R5 1921c |
| 110 1# - MAIN ENTRY--CORPORATE NAME | |
| Corporate name or jurisdiction name as entry element | United States. |
| Subordinate unit | Congress. |
| -- | House. |
| -- | Committee on Rivers and Harbors. |
| 245 10 - TITLE STATEMENT | |
| Title | Coos bay harbor, Oreg. |
| Remainder of title | Hearings on the subject of the improvement of Coos Bay Harbor, Oreg. held before the Committee on Rivers and Harbors, House of Representatives, Sixty-seventh Congress, second session ... Dec. 14, 1921. |
| 260 ## - PUBLICATION, DISTRIBUTION, ETC. | |
| Place of publication, distribution, etc. | [n. p.] |
| Date of publication, distribution, etc. | 1921. |
| 300 ## - PHYSICAL DESCRIPTION | |
| Extent | 23 p. |
| Dimensions | 23 cm. |
No items available.